|
|
|
|
| LEADER |
01336nam a2200325 a 4500 |
| 001 |
000088549 |
| 003 |
CZ BrMZK |
| 005 |
20070321132058.0 |
| 007 |
ta |
| 008 |
950101s1986 xr af f cze d |
| 015 |
|
|
|a cnb000016639
|
| 035 |
|
|
|a (OCoLC)15110790
|
| 040 |
|
|
|a BOA001
|b cze
|
| 080 |
9 |
|
|a 910.4(94)
|
| 100 |
1 |
|
|a Erben, Josef Ladislav,
|d 1888-1958
|7 jk01030531
|4 aut
|
| 245 |
1 |
0 |
|a Půl století světoběžcem :
|b (dvě cesty do Austrálie) /
|c Josef Ladislav Erben ; pro vydání připravil a literárně upravil Stanislav Novotný
|
| 250 |
|
|
|a 1. vyd.
|
| 260 |
|
|
|a Praha :
|b Panorama,
|c 1986
|
| 300 |
|
|
|a 254 s., barev. obr. příl. :
|b il.
|
| 490 |
1 |
|
|a Cesty
|
| 700 |
1 |
|
|a Novotný, Stanislav
|7 jn20001227141
|4 com
|
| 830 |
|
0 |
|a Cesty (Panorama)
|0 s
|
| 856 |
4 |
1 |
|u http://www.digitalniknihovna.cz/mzk/uuid/uuid:b44c6c40-201b-11e3-9319-005056827e51
|y Digitalizovaný dokument
|x NDK
|
| 910 |
|
|
|a BOA001
|b 2-0908.788
|b PK-0102.889
|
| 920 |
|
|
|a 000024186
|
| 964 |
|
|
|a Austrálie - cestopisy
|
| 990 |
|
|
|a BK
|
| 996 |
6 |
|
|b 2610099666
|c 2-0908.788
|l MZK
|r Sklad / do 1 hodiny
|n 1
|w 000088549
|u 000020
|a 1
|e BOA001
|j MZK50
|s P
|
| 996 |
7 |
|
|b 2610556725
|c 2-0908.788
|l MZK
|r Sklad / do 1 hodiny
|n 0
|p dar
|w 000088549
|u 000040
|a 1
|e BOA001
|j MZK50
|s A
|
| 996 |
7 |
|
|b 3119998852
|c PK-0102.889
|l MZK
|r Sklad / do 1 hodiny
|n 4
|w 000088549
|u 000030
|a 1
|e BOA001
|j MZK50
|s A
|